| 000 | 01187nam a22002177a 4500 | ||
|---|---|---|---|
| 999 |
_c64069 _d64069 |
||
| 003 | Ge_BSU | ||
| 005 | 20260320143636.0 | ||
| 008 | 260320s2009 ge ||||| |||| 00| 0 geo d | ||
| 020 | _a9789992853719 | ||
| 041 | _ageo | ||
| 080 | _a338.22 : 633.72](479.22) შ-21 | ||
| 100 |
_aშანიძე, გოდერძი _95267 |
||
| 245 |
_aმეწარმეობისა და აგრობიზნესის განვითარების პრიორიტეტები თანამედროვე ეტაპზე : _b(გურიის რეგიონის მაგალითზე) / _cგოდერძი შანიძე; რედ. ჯემალ მახარაძე. |
||
| 264 |
_aქუთაისი : _bმოწამეთა, _c2009. |
||
| 300 |
_a152 გვ.: _b20 სმ. |
||
| 504 | _aბიბლიოგრ. გვ.147-152 | ||
| 653 | _aმეწარმეობა საქართველოში | ||
| 653 | _aმეჩაიეობა საქართველოში | ||
| 700 |
_aმახარაძე, ჯემალ _eრედაქტორი _927171 |
||
| 942 |
_2udc _cᲬᲘᲒᲜᲘ |
||